[Event "XIX MIEDZYNARODOWY FESTIWAL SZACHOWY  KO"]
[Site "Rewal"]
[Date "2014.08.20"]
[Round "2.20"]
[White "Guzik, Jolanta"]
[Black "Woloch, Oskar"]
[Result "1/2-1/2"]
[WhiteElo "2040"]
[BlackElo "1914"]
[PlyCount "41"]
[EventDate "2014.??.??"]

1. b4 e5 2. Bb2 Bxb4 3. Bxe5 Nf6 4. c4 O-O 5. Nf3 Re8 6. Bb2 Nc6 7. e3 h6 8.
Be2 Bf8 9. O-O d6 10. Qc2 Bg4 11. d4 Qd7 12. Nbd2 Bf5 13. Qb3 Rab8 14. Rac1 a6
15. Rfd1 Ne4 16. Nxe4 Bxe4 17. d5 Nd8 18. Nd2 Bh7 19. Nf1 Ra8 20. Ng3 b6 21.
Bd4 1/2-1/2

[Event "XIX MIEDZYNARODOWY FESTIWAL SZACHOWY  KO"]
[Site "Rewal"]
[Date "2014.08.20"]
[Round "2.21"]
[White "Marczuk, Anna"]
[Black "Faron, Rafal"]
[Result "0-1"]
[WhiteElo "1866"]
[BlackElo "2021"]
[PlyCount "120"]
[EventDate "2014.??.??"]

1. e4 e5 2. Nf3 Nc6 3. Bc4 Nf6 4. d3 Be7 5. Bb3 d6 6. c3 O-O 7. Nbd2 Na5 8. Bc2
c5 9. Nf1 h6 10. Ne3 Nc6 11. O-O Re8 12. d4 exd4 13. cxd4 Bf8 14. dxc5 dxc5 15.
Qxd8 Rxd8 16. Rd1 Be6 17. Bd2 Nd4 18. e5 Nxc2 19. Nxc2 Nd5 20. a3 Rd7 21. b4
Rad8 22. Rdc1 b6 23. bxc5 Bxc5 24. Nb4 Nxb4 25. Bxb4 a5 26. Bxc5 bxc5 27. Kf1
c4 28. Ke1 a4 29. Rd1 c3 30. Rxd7 Rxd7 31. Rc1 Rd3 32. Ng1 Bb3 33. Ke2 Rd2+ 34.
Ke3 Ra2 35. Rxc3 Rxa3 36. Ne2 Ra1 37. Nd4 Bd5 38. Nc2 Rc1 39. Kd2 Rb1 40. Ra3
Bxg2 41. Rxa4 Rh1 42. h4 Bd5 43. Ne3 Be6 44. Ke2 Kh7 45. Kf3 Kg6 46. Kg2 Re1
47. Rb4 Kh5 48. Rf4 Rc1 49. Kg3 Rh1 50. Kg2 Re1 51. Kg3 Rc1 52. Nf5 Rc3+ 53.
Kh2 g5 54. hxg5 Kxg5 55. Nd4 Rh3+ 56. Kg2 Kxf4 57. Nxe6+ fxe6 58. Kxh3 Kxe5 59.
Kg4 Kf6 60. f3 Kg6 0-1

[Event "XIX MIEDZYNARODOWY FESTIWAL SZACHOWY  KO"]
[Site "Rewal"]
[Date "2014.08.20"]
[Round "2.22"]
[White "Mucha, Piotr"]
[Black "Kretzschmar, Arnd"]
[Result "1-0"]
[WhiteElo "2019"]
[BlackElo "1860"]
[PlyCount "53"]
[EventDate "2014.??.??"]

1. e4 c5 2. Nf3 d6 3. d4 cxd4 4. Nxd4 Nf6 5. Nc3 g6 6. Be3 Bg7 7. f3 O-O 8. Qd2
Nc6 9. O-O-O Qa5 10. Kb1 Bd7 11. g4 Rfc8 12. h4 Ne5 13. Be2 Nc4 14. Bxc4 Rxc4
15. h5 Rac8 16. hxg6 fxg6 17. Nb3 Qa6 18. e5 Ne8 19. Qh2 Rxc3 20. bxc3 Rxc3 21.
Bd4 Rxf3 22. Qxh7+ Kf7 23. exd6 exd6 24. Rhe1 Rf4 25. Rxe8 Rxd4 26. Re7+ Kxe7
27. Qxg7+ 1-0

[Event "XIX MIEDZYNARODOWY FESTIWAL SZACHOWY  KO"]
[Site "Rewal"]
[Date "2014.08.20"]
[Round "2.23"]
[White "Bilczewski, Kacper"]
[Black "Tomaszewski, Kacper"]
[Result "0-1"]
[WhiteElo "1834"]
[BlackElo "2017"]
[PlyCount "46"]
[EventDate "2014.??.??"]

1. e4 c6 2. d4 d5 3. exd5 cxd5 4. Bd3 Nc6 5. c3 Qc7 6. Ne2 Bg4 7. f3 Bh5 8. Nf4
Nf6 9. g4 Bg6 10. g5 Nh5 11. Nxd5 Qd6 12. Ne3 Nf4 13. Bxg6 Qxg6 14. Ng4 Qxg5
15. Bxf4 Qxf4 16. Nd2 h5 17. Nf2 O-O-O 18. Qc2 e5 19. Nfe4 exd4 20. cxd4 Rxd4
21. O-O Be7 22. a3 Kb8 23. b4 Ne5 0-1

[Event "XIX MIEDZYNARODOWY FESTIWAL SZACHOWY  KO"]
[Site "Rewal"]
[Date "2014.08.20"]
[Round "2.24"]
[White "Dzierzak, Radoslaw"]
[Black "Gabrys, Sebastian"]
[Result "1-0"]
[WhiteElo "2006"]
[BlackElo "1813"]
[PlyCount "31"]
[EventDate "2014.??.??"]

1. e4 c5 2. Nf3 e6 3. d4 cxd4 4. Nxd4 Nf6 5. Nc3 Nc6 6. Bf4 Bb4 7. Ndb5 Bxc3+
8. bxc3 e5 9. Nd6+ Kf8 10. Bg5 Qc7 11. Bc4 Na5 12. Bxf7 Nxe4 13. Nxe4 Kxf7 14.
Qd5+ Kg6 15. Nd6 Qxc3+ 16. Bd2 1-0

[Event "XIX MIEDZYNARODOWY FESTIWAL SZACHOWY  KO"]
[Site "Rewal"]
[Date "2014.08.20"]
[Round "2.25"]
[White "Wiewesiek, Timo"]
[Black "Kasperek, Joanna"]
[Result "0-1"]
[WhiteElo "1775"]
[BlackElo "2003"]
[PlyCount "112"]
[EventDate "2014.??.??"]

1. e4 c5 2. Nc3 a6 3. f4 b5 4. g3 Bb7 5. Bg2 e6 6. Qe2 Nc6 7. Nf3 Nd4 8. Nxd4
cxd4 9. Nd1 Qc7 10. d3 Rc8 11. c3 Bc5 12. cxd4 Bxd4 13. Be3 Qb6 14. Qf2 Qa5+
15. Qd2 Qb6 16. Qf2 Bxe3 17. Nxe3 f5 18. O-O fxe4 19. Bxe4 Nf6 20. Ng4 Qxf2+
21. Nxf2 Bxe4 22. Nxe4 Ke7 23. Rac1 Nxe4 24. dxe4 Rc4 25. Rxc4 bxc4 26. Rd1 Rb8
27. Rd2 d5 28. Rc2 Kd6 29. f5 exf5 30. exd5 Kxd5 31. Kf2 g5 32. Kf3 h6 33. Rd2+
Kc5 34. Rc2 Re8 35. Rd2 Re1 36. Rd8 Rh1 37. Rc8+ Kb5 38. Kg2 Rb1 39. Kf3 Kb4
40. Rb8+ Ka5 41. b3 c3 42. Rc8 Kb4 43. Rc4+ Ka3 44. Rxc3 Kxa2 45. Rc6 Rxb3+ 46.
Kf2 a5 47. Rxh6 a4 48. Rf6 a3 49. Rxf5 Kb2 50. Ra5 a2 51. Rxa2+ Kxa2 52. Kg2 g4
53. h4 Rb2+ 54. Kg1 Kb3 55. h5 Kc4 56. h6 Rb6 0-1

[Event "XIX MIEDZYNARODOWY FESTIWAL SZACHOWY  KO"]
[Site "Rewal"]
[Date "2014.08.21"]
[Round "3.9"]
[White "Mirzoev, Azer"]
[Black "Koziol, Kamil"]
[Result "1-0"]
[WhiteElo "2550"]
[BlackElo "2090"]
[PlyCount "45"]
[EventDate "2014.??.??"]

1. d4 Nf6 2. Nf3 g6 3. c4 d5 4. cxd5 Nxd5 5. e4 Nb6 6. h3 Bg7 7. Nc3 O-O 8. Be2
Nc6 9. Be3 e5 10. d5 Ne7 11. O-O f5 12. Qb3 Kh8 13. Ng5 h6 14. Ne6 Bxe6 15.
dxe6 Nec8 16. Rfd1 Nd6 17. a4 Qh4 18. a5 Nbc8 19. exf5 gxf5 20. Nd5 f4 21. Nxf4
Ne7 22. g3 Qf6 23. Bd3 1-0

[Event "XIX MIEDZYNARODOWY FESTIWAL SZACHOWY  KO"]
[Site "Rewal"]
[Date "2014.08.21"]
[Round "3.15"]
[White "Tomaszewski, Kacper"]
[Black "Renkowski, Piotr"]
[Result "1-0"]
[WhiteElo "2017"]
[BlackElo "2156"]
[PlyCount "35"]
[EventDate "2014.??.??"]

1. d4 d6 2. Nf3 Nc6 3. c4 e5 4. d5 Nce7 5. Nc3 f5 6. e4 Nf6 7. Bd3 g6 8. Ng5
Bg7 9. c5 h6 10. cxd6 Qxd6 11. Nb5 Qd8 12. d6 cxd6 13. Nxd6+ Kf8 14. Qb3 Ned5
15. Ngf7 Qe7 16. exd5 Rh7 17. Bd2 a5 18. Rc1 1-0

[Event "XIX MIEDZYNARODOWY FESTIWAL SZACHOWY  KO"]
[Site "Rewal"]
[Date "2014.08.21"]
[Round "3.17"]
[White "Kasperek, Joanna"]
[Black "Oszczanowski, Witold"]
[Result "1/2-1/2"]
[WhiteElo "2003"]
[BlackElo "2125"]
[PlyCount "24"]
[EventDate "2014.??.??"]

1. e4 e6 2. d4 d5 3. Nd2 Nf6 4. e5 Nfd7 5. c3 c5 6. Bd3 Nc6 7. Ne2 cxd4 8. cxd4
Qb6 9. Nf3 f6 10. exf6 Nxf6 11. O-O Bd6 12. Bf4 Bxf4 1/2-1/2

[Event "XIX MIEDZYNARODOWY FESTIWAL SZACHOWY  KO"]
[Site "Rewal"]
[Date "2014.08.21"]
[Round "3.19"]
[White "Nun, Grzegorz"]
[Black "Guzik, Jolanta"]
[Result "1/2-1/2"]
[WhiteElo "1907"]
[BlackElo "2040"]
[PlyCount "38"]
[EventDate "2014.??.??"]

1. Nf3 d5 2. g3 g6 3. Bg2 Bg7 4. d3 e5 5. O-O Ne7 6. Nbd2 O-O 7. e4 c6 8. Qe2
Qc7 9. Re1 Nd7 10. Nf1 h6 11. c4 dxc4 12. dxc4 Nc5 13. b4 Ne6 14. Bb2 Rd8 15.
Rad1 Nd4 16. Nxd4 exd4 17. Qd3 a5 18. a3 Be6 19. Nd2 axb4 1/2-1/2

[Event "2014"]
[Site "?"]
[Date "2014.08.22"]
[Round "4.1"]
[White "Zubov, Alexander"]
[Black "Sivuk, Vitaly"]
[Result "1/2-1/2"]
[WhiteElo "2588"]
[BlackElo "2475"]
[PlyCount "65"]
[EventDate "2014.??.??"]

1. d4 Nf6 2. c4 e6 3. Nf3 Bb4+ 4. Bd2 a5 5. g3 b6 6. Bg2 Bb7 7. O-O O-O 8. Bg5
Be7 9. Nc3 Ne4 10. Nxe4 Bxe4 11. Qd2 d6 12. Qe3 Bb7 13. Qd3 Nc6 14. Bd2 e5 15.
Bc3 exd4 16. Nxd4 Ne5 17. Qc2 Bxg2 18. Kxg2 Bf6 19. b3 Qc8 20. e4 Qb7 21. f3
Rfe8 22. Rad1 a4 23. Nb5 axb3 24. axb3 Nd7 25. Bxf6 Nxf6 26. Ra1 Qc6 27. Qd2 h6
28. Qd4 Qb7 29. Kg1 Red8 30. Rfd1 Re8 31. Rf1 Red8 32. Rfd1 Re8 33. Rf1 1/2-1/2

[Event "XIX MIEDZYNARODOWY FESTIWAL SZACHOWY  KO"]
[Site "Rewal"]
[Date "2014.08.22"]
[Round "4.6"]
[White "Malaniuk, Vladimir P"]
[Black "Krainski, Slawomir"]
[Result "1/2-1/2"]
[WhiteElo "2546"]
[BlackElo "2033"]
[PlyCount "117"]
[EventDate "2014.??.??"]

1. d4 f5 2. Nc3 Nf6 3. Bg5 d5 4. Bxf6 exf6 5. e3 Be6 6. Nge2 Qd7 7. Nf4 Nc6 8.
Bb5 O-O-O 9. a3 g5 10. Nd3 a6 11. Ba4 f4 12. Bxc6 Qxc6 13. exf4 Rg8 14. Ne2
gxf4 15. Nexf4 Bf5 16. O-O Qd7 17. Re1 Bd6 18. Qd2 Qg7 19. g3 Qh6 20. Qe3 c6
21. Nxd5 Qg7 22. N5f4 Qd7 23. c3 h5 24. h4 Bxd3 25. Nxd3 Bxg3 26. fxg3 Qh3 27.
Qe6+ Qxe6 28. Rxe6 Rxg3+ 29. Kf2 Rxd3 30. Rg1 Rh3 31. Re4 Rd5 32. Rg2 Rb5 33.
Kg1 Rf5 34. Rg7 Kb8 35. a4 Rhf3 36. Ree7 Rf1+ 37. Kh2 R1f2+ 38. Rg2 R2f4 39.
Kh3 Rf3+ 40. Rg3 Rf2 41. b4 Rc2 42. Ree3 Rff2 43. Rgf3 Rh2+ 44. Kg3 Rcg2+ 45.
Kf4 Rxh4+ 46. Kf5 Rhg4 47. Kxf6 h4 48. Kf5 R2g3 49. Rxg3 Rxg3 50. Re8+ Ka7 51.
c4 Rb3 52. d5 cxd5 53. cxd5 Rxb4 54. d6 Rd4 55. Ke5 Rd1 56. Rh8 Kb6 57. Ke6
Re1+ 58. Kd5 Rd1+ 59. Ke6 1/2-1/2

[Event "XIX MIEDZYNARODOWY FESTIWAL SZACHOWY  KO"]
[Site "Rewal"]
[Date "2014.08.22"]
[Round "4.7"]
[White "Marczuk, Dominik"]
[Black "Warakomski, Tomasz"]
[Result "0-1"]
[WhiteElo "2091"]
[BlackElo "2489"]
[PlyCount "66"]
[EventDate "2014.??.??"]

1. e4 g6 2. d4 Bg7 3. Nf3 d6 4. Be2 c6 5. O-O Nd7 6. Nc3 Qc7 7. a4 Ngf6 8. Be3
O-O 9. h3 b6 10. Qd2 Bb7 11. Bh6 e5 12. Bxg7 Kxg7 13. Rad1 Rad8 14. dxe5 dxe5
15. Qd6 Qxd6 16. Rxd6 Nc5 17. Rxd8 Rxd8 18. Nxe5 Nfxe4 19. Nxe4 Nxe4 20. Nf3
Nc5 21. b3 Kf6 22. Rd1 Rxd1+ 23. Bxd1 Ne4 24. c4 Nc3 25. Bc2 c5 26. Nd2 Ke5 27.
f3 Kd4 28. Kf2 Na2 29. Be4 Bxe4 30. Nxe4 Nc1 31. Nd6 Nxb3 32. Ke2 f5 33. Nb5+
Kxc4 0-1

[Event "XIX MIEDZYNARODOWY FESTIWAL SZACHOWY  KO"]
[Site "Rewal"]
[Date "2014.08.22"]
[Round "4.8"]
[White "Tomaszewski, Kacper"]
[Black "Bures, Jaroslav"]
[Result "1-0"]
[WhiteElo "2017"]
[BlackElo "2410"]
[PlyCount "55"]
[EventDate "2014.??.??"]

1. d4 Nf6 2. c4 e6 3. Nc3 Bb4 4. f3 d5 5. a3 Bxc3+ 6. bxc3 O-O 7. cxd5 exd5 8.
e3 c5 9. Bd3 b6 10. Ne2 Ba6 11. O-O Re8 12. Ng3 h5 13. Ra2 Bxd3 14. Qxd3 c4 15.
Qf5 g6 16. Qf4 Re6 17. e4 Ne8 18. Qh6 Ng7 19. e5 Nd7 20. Ne2 b5 21. g4 Rb6 22.
Bg5 Qc7 23. Nf4 Qb7 24. Rg2 a5 25. Nxh5 Nxh5 26. gxh5 Raa6 27. Bf6 Nxf6 28.
hxg6 1-0

[Event "XIX MIEDZYNARODOWY FESTIWAL SZACHOWY  KO"]
[Site "Rewal"]
[Date "2014.08.22"]
[Round "4.9"]
[White "Spicak, Krzysztof"]
[Black "Meribanov, Vitaly"]
[Result "0-1"]
[WhiteElo "1902"]
[BlackElo "2395"]
[PlyCount "94"]
[EventDate "2014.??.??"]

1. e4 c5 2. Nc3 Nc6 3. g3 g6 4. Bg2 Bg7 5. d3 e6 6. f4 Nge7 7. Be3 Nd4 8. Nf3
d6 9. O-O O-O 10. g4 f5 11. h3 Nec6 12. gxf5 exf5 13. Qd2 Nxf3+ 14. Rxf3 Nd4
15. Bxd4 Bxd4+ 16. Kh1 Bd7 17. Nd5 Bc6 18. c3 Bg7 19. Re1 Kh8 20. Rff1 Qd7 21.
Kh2 Qf7 22. c4 fxe4 23. Bxe4 Rae8 24. f5 Be5+ 25. Kh1 Qd7 26. Qh6 gxf5 27. Bf3
Qg7 28. Qxg7+ Bxg7 29. b3 Be5 30. Re2 Re6 31. Bg2 Rh6 32. Rf3 Rh4 33. Rfe3 Bd7
34. Rxe5 dxe5 35. Rxe5 f4 36. Kh2 f3 37. Bf1 f2 38. Re3 b6 39. Nc3 Rhf4 40. Ne4
Bc6 41. Nd2 Rg8 42. Re6 Bd7 43. Re7 Rg7 44. Re5 Rg1 45. Re7 Bc6 46. Rxa7 Rf6
47. Rc7 Rfg6 0-1

[Event "XIX MIEDZYNARODOWY FESTIWAL SZACHOWY  KO"]
[Site "Rewal"]
[Date "2014.08.22"]
[Round "4.10"]
[White "Strebkovs, Andrejs"]
[Black "Smieszek, Wojciech"]
[Result "1/2-1/2"]
[WhiteElo "2339"]
[BlackElo "2031"]
[PlyCount "92"]
[EventDate "2014.??.??"]

1. Nf3 Nf6 2. c4 c5 3. g3 Nc6 4. Bg2 g6 5. d4 cxd4 6. Nxd4 Bg7 7. O-O O-O 8. c5
e5 9. Nb5 Qa5 10. N1c3 a6 11. Nd6 Qxc5 12. Be3 Nd4 13. Nxb7 Bxb7 14. Bxb7 Rab8
15. Bxa6 Ng4 16. Bd2 Qc6 17. Bd3 Rxb2 18. Be4 Rxd2 19. Bxc6 Rxd1 20. Raxd1 dxc6
21. h3 Nf6 22. e3 Nb5 23. Nxb5 cxb5 24. Rb1 Rb8 25. Rb3 Ne4 26. Rfb1 Ra8 27.
Rxb5 Rxa2 28. Rb8+ Bf8 29. R1b2 Rxb2 30. Rxb2 h5 31. Rb5 f6 32. h4 Kf7 33. Rb6
g5 34. hxg5 Nxg5 35. Kg2 e4 36. Rb7+ Kg6 37. Rb8 Bd6 38. Rh8 Nf3 39. Rg8+ Kf5
40. Rh8 Kg4 41. Rg8+ Ng5 42. Rh8 Be5 43. Rg8 h4 44. gxh4 Kxh4 45. Rh8+ Kg4 46.
Rg8 Kf5 1/2-1/2

[Event "XIX MIEDZYNARODOWY FESTIWAL SZACHOWY  KO"]
[Site "Rewal"]
[Date "2014.08.22"]
[Round "4.11"]
[White "Faron, Rafal"]
[Black "Goluch, Piotr"]
[Result "0-1"]
[WhiteElo "2021"]
[BlackElo "2253"]
[PlyCount "77"]
[EventDate "2014.??.??"]

1. d4 Nf6 2. c4 c5 3. d5 b5 4. cxb5 a6 5. b6 d6 6. Nc3 Nbd7 7. e4 g6 8. Nf3 Bg7
9. a4 Qxb6 10. a5 Qb4 11. Nd2 O-O 12. Be2 Ne8 13. O-O Nc7 14. Nc4 f5 15. Na4
Qb7 16. exf5 Qxd5 17. fxg6 hxg6 18. Qc2 Qe6 19. Ncb6 Nxb6 20. Nxb6 Rb8 21. Bc4
d5 22. Bd3 c4 23. Bxg6 Nb5 24. Bh5 Nd4 25. Qd1 Nb3 26. Ra3 Nxc1 27. Qxc1 Qe5
28. Qd1 Be6 29. Re3 Qd6 30. Rg3 d4 31. Re1 d3 32. Bf3 Rf5 33. Rg6 Rf6 34. Rxf6
Bxf6 35. Rxe6 Qxe6 36. Bd5 Rxb6 37. Qg4+ Kf7 38. Qxc4 d2 39. Bxe6+ 0-1

[Event "XIX MIEDZYNARODOWY FESTIWAL SZACHOWY  KO"]
[Site "Rewal"]
[Date "2014.08.22"]
[Round "4.12"]
[White "Nester, Ihor"]
[Black "Kasperek, Joanna"]
[Result "1-0"]
[WhiteElo "2247"]
[BlackElo "2003"]
[PlyCount "79"]
[EventDate "2014.??.??"]

1. Nf3 c5 2. c4 Nc6 3. d4 cxd4 4. Nxd4 g6 5. Nc2 Bg7 6. e4 d6 7. Be2 Nf6 8. Nc3
O-O 9. O-O b6 10. Bg5 Bb7 11. Ne3 Rc8 12. Qd2 Ne5 13. f3 h6 14. Bh4 Kh7 15.
Rac1 Qd7 16. Bxf6 Bxf6 17. f4 Nc6 18. e5 Bg7 19. Bg4 Qd8 20. Bxc8 Qxc8 21. exd6
exd6 22. Ncd5 Nd4 23. f5 Nxf5 24. Nxf5 gxf5 25. Qc2 Qc5+ 26. Kh1 Bc8 27. Ne7
Be6 28. Nxf5 Kh8 29. Nxg7 Kxg7 30. b3 d5 31. cxd5 Qxd5 32. Rf3 Rd8 33. Rg3+ Kf8
34. h3 Qe5 35. Qc3 Qf4 36. Rf3 Qg5 37. Re1 Rd2 38. Rg3 Qd5 39. Rxe6 fxe6 40.
Qf6+ 1-0

[Event "XIX MIEDZYNARODOWY FESTIWAL SZACHOWY  KO"]
[Site "Rewal"]
[Date "2014.08.22"]
[Round "4.13"]
[White "Sliwicka, Alicja"]
[Black "Gajic, Mladen"]
[Result "1/2-1/2"]
[WhiteElo "1909"]
[BlackElo "2201"]
[PlyCount "57"]
[EventDate "2014.??.??"]

1. e4 d5 2. exd5 Qxd5 3. Nf3 Nf6 4. d4 c6 5. c4 Qd6 6. Nc3 Bg4 7. Be2 Nbd7 8.
O-O e6 9. b3 Qc7 10. Bb2 Bd6 11. h3 Bh5 12. d5 exd5 13. cxd5 O-O 14. dxc6 bxc6
15. Qc2 Rfe8 16. Rfe1 Rad8 17. Na4 Nd5 18. Nd4 Bxe2 19. Rxe2 Rxe2 20. Qxe2 N7b6
21. Nf5 Bf8 22. Nc3 Nf4 23. Qg4 Nd3 24. Ne4 Nxb2 25. Nf6+ Kh8 26. Qh4 h6 27.
Nxh6 gxh6 28. Qe4 Kg7 29. Nh5+ 1/2-1/2

[Event "XIX MIEDZYNARODOWY FESTIWAL SZACHOWY  KO"]
[Site "Rewal"]
[Date "2014.08.22"]
[Round "4.14"]
[White "Mucha, Piotr"]
[Black "Adamowicz, Katarzyna"]
[Result "1-0"]
[WhiteElo "2019"]
[BlackElo "2163"]
[PlyCount "57"]
[EventDate "2014.??.??"]

1. e4 d6 2. d4 Nf6 3. Nc3 c6 4. f4 Qb6 5. e5 Nd5 6. Nxd5 cxd5 7. Bd3 Nc6 8. c3
e6 9. Nf3 Bd7 10. O-O g6 11. Kh1 O-O-O 12. b4 Kb8 13. a4 Be7 14. Ba3 Be8 15.
Qe2 h6 16. Rfb1 g5 17. a5 Qc7 18. b5 Nxa5 19. exd6 Bxd6 20. Bxd6 Rxd6 21. Rxa5
g4 22. Ng1 Qxa5 23. Qe5 Qxc3 24. Qxd6+ Kc8 25. Ne2 Qxd3 26. Rc1+ Bc6 27. bxc6
Qb5 28. Qd7+ Kb8 29. c7+ 1-0

[Event "XIX MIEDZYNARODOWY FESTIWAL SZACHOWY  KO"]
[Site "Rewal"]
[Date "2014.08.22"]
[Round "4.15"]
[White "Dzierzak, Radoslaw"]
[Black "Lapaj, Mateusz"]
[Result "1-0"]
[WhiteElo "2006"]
[BlackElo "2135"]
[PlyCount "65"]
[EventDate "2014.??.??"]

1. e4 c5 2. Nf3 Nc6 3. Bb5 g6 4. O-O Bg7 5. Re1 Nf6 6. c3 O-O 7. d4 cxd4 8.
cxd4 d5 9. e5 Ne8 10. h3 Bd7 11. Nc3 Nc7 12. Bf1 b5 13. Be3 Na5 14. b3 b4 15.
Ne2 Bb5 16. Qd2 Nc6 17. Rac1 Rc8 18. Nf4 Bxf1 19. Rxc6 Bb5 20. Rc5 e6 21. Rec1
Bd7 22. Nd3 Na6 23. Rxc8 Bxc8 24. Nxb4 Qb6 25. Nc6 Bd7 26. Ne7+ Kh8 27. Bh6 Re8
28. Bxg7+ Kxg7 29. Qg5 Qd8 30. Qf6+ Kh6 31. g4 Qxe7 32. g5+ Kh5 33. Qf4 1-0

[Event "XIX MIEDZYNARODOWY FESTIWAL SZACHOWY  KO"]
[Site "Rewal"]
[Date "2014.08.22"]
[Round "4.17"]
[White "Renkowski, Piotr"]
[Black "Lewtak, Dominik"]
[Result "1-0"]
[WhiteElo "2156"]
[BlackElo "2060"]
[PlyCount "55"]
[EventDate "2014.??.??"]

1. e4 c5 2. Nf3 Nc6 3. c3 Nf6 4. e5 Nd5 5. d4 cxd4 6. cxd4 d6 7. Bc4 Nb6 8. Bb3
dxe5 9. Nxe5 e6 10. Be3 Bd6 11. Nf3 O-O 12. Nc3 Ne7 13. Qd3 Nbd5 14. O-O b6 15.
Ng5 Ng6 16. Nxd5 exd5 17. h4 Be7 18. Nxh7 Kxh7 19. h5 f5 20. hxg6+ Kxg6 21. Bf4
Kf7 22. Rfe1 Bf6 23. Rac1 Kg8 24. Qb5 Bb7 25. Bc7 Qc8 26. Bxb6 Qb8 27. Bc7 Qc8
28. Bd6 1-0

[Event "XIX MIEDZYNARODOWY FESTIWAL SZACHOWY  KO"]
[Site "Rewal"]
[Date "2014.08.22"]
[Round "4.18"]
[White "Guzik, Jolanta"]
[Black "Drill, Frank"]
[Result "1/2-1/2"]
[WhiteElo "2040"]
[BlackElo "2124"]
[PlyCount "65"]
[EventDate "2014.??.??"]

1. c4 b6 2. Nc3 e6 3. d4 Bb4 4. Nf3 Bb7 5. Bg5 f6 6. Bd2 f5 7. Qb3 a5 8. a3
Bxc3 9. Qxc3 Nf6 10. Bg5 O-O 11. e3 d6 12. Be2 Nbd7 13. O-O a4 14. Rfd1 Qe8 15.
Bxf6 Rxf6 16. d5 e5 17. Qc2 Nc5 18. Nd2 Qg6 19. b4 axb3 20. Nxb3 Nd7 21. a4 Qg5
22. a5 f4 23. exf4 Qxf4 24. Bd3 Re8 25. Bxh7+ Kh8 26. Be4 Ref8 27. Rd3 Rh6 28.
Rg3 Rh4 29. Re1 Ba6 30. f3 bxa5 31. Nxa5 Nf6 32. Qc1 Nxe4 33. Qxf4 1/2-1/2

[Event "XIX MIEDZYNARODOWY FESTIWAL SZACHOWY  KO"]
[Site "Rewal"]
[Date "2014.08.22"]
[Round "4.19"]
[White "Koziol, Kamil"]
[Black "Kosakowski, Jakub"]
[Result "1/2-1/2"]
[WhiteElo "2090"]
[BlackElo "1950"]
[PlyCount "105"]
[EventDate "2014.??.??"]

1. Nf3 Nf6 2. c4 c5 3. g3 Nc6 4. Nc3 g6 5. Bg2 d5 6. cxd5 Nxd5 7. O-O Bg7 8.
Qb3 Nc7 9. Ne4 Be6 10. Qc2 b6 11. d3 O-O 12. a3 h6 13. Rb1 Qd7 14. b3 f5 15.
Ned2 Bf7 16. Bb2 e5 17. Rbc1 Rac8 18. Nc4 Rfe8 19. e3 g5 20. e4 f4 21. gxf4
gxf4 22. Kh1 Kh7 23. Rg1 Bh5 24. Nh4 Red8 25. Nf5 Bf6 26. Ncd6 Rg8 27. Nb7 Rb8
28. Nxc5 bxc5 29. Qxc5 Rb6 30. d4 Na6 31. Qc2 Bg4 32. dxe5 Nxe5 33. Bxe5 Bxe5
34. h3 Bh5 35. f3 Bf7 36. b4 Rbg6 37. b5 Nc7 38. Qc5 Re6 39. Qxa7 Qxb5 40. Rxc7
Bxc7 41. Qxc7 Rf6 42. Nd6 Qh5 43. Rd1 Qg6 44. Rd2 Kh8 45. Nxf7+ Rxf7 46. Qe5+
Rfg7 47. Qxf4 Rf7 48. Qe5+ Kh7 49. Qd6 Rf6 50. Qc5 Rg7 51. Qe5 Rxf3 52. Qxg7+
Qxg7 53. Bxf3 1/2-1/2

[Event "XIX MIEDZYNARODOWY FESTIWAL SZACHOWY  KO"]
[Site "Rewal"]
[Date "2014.08.22"]
[Round "4.20"]
[White "Kumala, Aleksander"]
[Black "Khamidov, Komil"]
[Result "1/2-1/2"]
[WhiteElo "1984"]
[BlackElo "2082"]
[PlyCount "66"]
[EventDate "2014.??.??"]

1. d4 d6 2. Nf3 g6 3. e4 Nf6 4. Nc3 Bg7 5. Bc4 O-O 6. O-O Nbd7 7. e5 Ng4 8. Ng5
Nb6 9. Bxf7+ Rxf7 10. e6 Rxf2 11. Qxg4 Rxf1+ 12. Kxf1 Qf8+ 13. Kg1 Qf5 14. Qh4
h6 15. Nf7 Qf6 16. Nxh6+ Bxh6 17. Qxh6 Bxe6 18. Be3 Rf8 19. Ne4 Qg7 20. Qg5 Bf5
21. Nf2 Nd5 22. c3 Qf6 23. Re1 Qxg5 24. Bxg5 b5 25. g4 Bc8 26. b3 Nxc3 27. Rxe7
Nd5 28. Re1 Bd7 29. h3 Re8 30. Rxe8+ Bxe8 31. Ne4 Kg7 32. Kf2 Nb4 33. Bd8 Nd5
1/2-1/2

[Event "XIX MIEDZYNARODOWY FESTIWAL SZACHOWY  KO"]
[Site "Rewal"]
[Date "2014.08.22"]
[Round "4.21"]
[White "Sliwicki, Damian"]
[Black "Nun, Grzegorz"]
[Result "1-0"]
[WhiteElo "2063"]
[BlackElo "1907"]
[PlyCount "85"]
[EventDate "2014.??.??"]

1. e4 c5 2. Nf3 Nc6 3. Bb5 g6 4. O-O Bg7 5. c3 d6 6. Re1 Bd7 7. d4 cxd4 8. cxd4
Nh6 9. Bg5 O-O 10. Qd2 Ng4 11. h3 Nf6 12. Nc3 a6 13. Bf1 Ne8 14. Red1 f6 15.
Bh4 Nc7 16. Bg3 Be8 17. d5 Ne5 18. Nd4 Bf7 19. f4 Nd7 20. Bh2 Rc8 21. g4 Na8
22. Kh1 Nab6 23. Qf2 Nc5 24. f5 g5 25. Ne6 Nxe6 26. dxe6 Be8 27. Bg1 Na8 28.
Qd2 Bc6 29. h4 gxh4 30. Be3 Qe8 31. Qh2 h6 32. Qxh4 Kh7 33. g5 fxg5 34. Qh3
Bxc3 35. Bxg5 Bg7 36. Rd2 Rh8 37. Rg2 Qf8 38. f6 exf6 39. Qf5+ Kg8 40. Bxf6 Rh7
41. e7 Qe8 42. Bc4+ d5 43. Rag1 1-0

[Event "XIX MIEDZYNARODOWY FESTIWAL SZACHOWY  KO"]
[Site "Rewal"]
[Date "2014.08.22"]
[Round "4.22"]
[White "Lopuszanski, Kamil"]
[Black "Smal, Tobiasz"]
[Result "1-0"]
[WhiteElo "1929"]
[BlackElo "1888"]
[PlyCount "81"]
[EventDate "2014.??.??"]

1. d4 Nf6 2. c4 g6 3. Nc3 Bg7 4. Nf3 O-O 5. g3 d6 6. Bg2 Nc6 7. O-O a6 8. d5
Na5 9. Nd2 c5 10. Qc2 Rb8 11. b3 b5 12. Bb2 Bd7 13. Rab1 Qc7 14. Rfe1 bxc4 15.
bxc4 Rb4 16. Qd3 Ng4 17. Ba3 Ne5 18. Qc2 Rbb8 19. Rxb8 Rxb8 20. Nd1 Be8 21. Bb2
Nd7 22. Bxg7 Kxg7 23. Nb2 f6 24. Qc3 Nb7 25. Nd3 Nd8 26. e4 Nb6 27. f4 Na4 28.
Qc2 Qa5 29. Rc1 Bd7 30. Nb3 Qc7 31. Re1 Nb7 32. Qd2 Nb6 33. Qc3 a5 34. e5 Ba4
35. exf6+ exf6 36. Re6 Nd7 37. Re7+ Kg8 38. Bh3 Qd8 39. Be6+ Kh8 40. Rf7 Qe8
41. Rxd7 1-0

[Event "XIX MIEDZYNARODOWY FESTIWAL SZACHOWY  KO"]
[Site "Rewal"]
[Date "2014.08.22"]
[Round "4.23"]
[White "Puczylowski, Marcin"]
[Black "Gabrys, Sebastian"]
[Result "1-0"]
[WhiteElo "2068"]
[BlackElo "1813"]
[PlyCount "139"]
[EventDate "2014.??.??"]

1. d4 Nf6 2. Bg5 g6 3. Bxf6 exf6 4. e4 Bg7 5. Nf3 O-O 6. Bd3 d5 7. exd5 Re8+ 8.
Be2 Qxd5 9. O-O Nc6 10. c3 Bf5 11. Nbd2 Re7 12. Bc4 Qd7 13. Nb3 Rae8 14. Nh4 b6
15. Bb5 Be6 16. Rc1 Rd8 17. c4 a6 18. Ba4 b5 19. cxb5 Bxb3 20. axb3 Nxd4 21.
bxa6 Qe6 22. Re1 Ne2+ 23. Qxe2 Qxe2 24. Rxe2 Rxe2 25. Kf1 Re6 26. Bc6 Bh6 27.
f4 Bxf4 28. Rc2 Bxh2 29. Kf2 Bf4 30. Nf3 Be3+ 31. Kg3 Rd3 32. b4 f5 33. b5 g5
34. Rc3 Rxc3 35. bxc3 g4 36. Nd4 Bxd4 37. cxd4 Re3+ 38. Kf4 Ra3 39. Kxf5 g3 40.
Kf6 Kf8 41. Be4 h6 42. Ke5 Ra5 43. Kf4 Ra3 44. Bf3 Ke7 45. Kxg3 Ra4 46. Bc6 Kf6
47. Kf3 Kf5 48. Bd7+ Kf6 49. Ke4 Ke7 50. Bc6 Ke6 51. Bd5+ Kf6 52. Kd3 Ke7 53.
Kc3 Kd7 54. Bxf7 c6 55. bxc6+ Kc7 56. d5 Kd6 57. Kd3 Kc7 58. Ke3 Kd6 59. Kf3
Kc7 60. Kg3 Kd6 61. Be6 Rxa6 62. Kg4 Ra1 63. Kh5 Rg1 64. Bh3 Rc1 65. Kxh6 Kxd5
66. Bd7 Ke5 67. Kg5 Kd6 68. g4 Rc5+ 69. Kf6 Rc1 70. g5 1-0

[Event "XIX MIEDZYNARODOWY FESTIWAL SZACHOWY  KO"]
[Site "Rewal"]
[Date "2014.08.22"]
[Round "4.24"]
[White "Marczuk, Anna"]
[Black "Kretzschmar, Arnd"]
[Result "0-1"]
[WhiteElo "1866"]
[BlackElo "1860"]
[PlyCount "78"]
[EventDate "2014.??.??"]

1. e4 c5 2. Nf3 d6 3. d4 cxd4 4. Nxd4 Nf6 5. Nc3 g6 6. Be3 Bg7 7. f3 O-O 8. Qd2
Nc6 9. O-O-O d5 10. Nxc6 bxc6 11. Bh6 Be6 12. e5 Nd7 13. Bxg7 Kxg7 14. h4 Rb8
15. h5 Rh8 16. f4 Qb6 17. b3 Qb4 18. Be2 Nc5 19. Kb2 a5 20. Qd4 Qxd4 21. Rxd4
Rb4 22. Rhd1 Rhb8 23. a3 R4b7 24. Rf1 Bf5 25. Bd1 gxh5 26. Rh1 Bg6 27. Nb1 a4
28. b4 Ne6 29. Rd2 c5 30. c3 Nxf4 31. Bxa4 Nd3+ 32. Ka2 cxb4 33. cxb4 Nxb4+ 34.
axb4 Rxb4 35. Nc3 d4 36. Nb5 Rxa4+ 37. Kb3 Ra5 38. Kc4 Raxb5 39. Kxd4 Rd8+ 0-1